000 00625nam a2200241Ia 4500
003 OSt
005 20220918210908.0
006 a|||||r|||| 00| 0
007 ta
008 220917b |||||||| |||| 00| 0 eng d
024 _a122,515
037 _cTextual
040 _aARTS
_cARTS
_beng
041 _2eng
_aeng
082 _aV95.N, L9
100 _aGupta Ranjan
_9119532
245 0 _aIndian Ocean
_b A political geography
260 _aNew Delhi
_bMarwah Publications
_c1979
300 _a184p.
_ccm.
650 _aHISTORY
942 _hV95.N, L9
_cTEXL
_2CC
999 _c245707
_d245707